SV Waldhof Mannheim Kader 2025/2026 - Statistiken

Allgemein
  • Dieses Quiz wurde 44 mal gespielt
    2 seit der letzten Aktualisierung
  • Das Durchschnittsergebnis liegt bei 14 aus 28
Antwortstatistiken
RN Position Spieler % Korrekt
13 ST Terrence Boyd
100%
27 ZOM Adama Diakhaby
50%
10 ZOM Arianit Ferati
50%
41 ZDM Denis Kryeziu
50%
28 ZOM Diego Michel
50%
35 ST Djayson Mendes
50%
14 LF Emmanuel Iwe
50%
22 ZDM Janne Sietan
50%
16 TW Jan Niemann
50%
19 LF Jascha Brandt
50%
21 ZDM Julian Rieckmann
50%
20 RF Kushtrim Asallari
50%
7 ZOM Lovis Bierschenk
50%
30 TW Lucien Hawryluk
50%
24 RV Lukas Klünter
50%
38 ST Masca
50%
8 ZDM Maximilian Thalhammer
50%
6 IV Niklas Hoffmann
50%
5 IV Oluwaseun Ogbemudia
50%
11 ZM Rico Benatelli
50%
2 LV Sachsa Voelcke
50%
17 LF Samuel Abifade
50%
25 RV Sanoussy Ba
50%
18 RV Seyhan Yigit
50%
1 TW Thijmen Nijhuis
50%
4 IV Tim Sechelmann
50%
12 RF Vincent Thill
50%
29 RF Nolan Muteba N`tumba
0%
Keine übereinstimmenden Quizze gefunden
Verteilung der Resultate
Anzahl Personen mit jedem Resultat
Perzentil nach korrekt beantworteten Fragen
Ihre Resultats-Entwicklung
Sie haben dieses Quiz seit der letzten Aktualisierung nicht gespielt